000
00293nam a2200133Ia 4500
005
20251218181934.0
008
251218s1900 xx 000 0 spa d
082
_a
ENC. 01.1
100
_a
Universitas
245
0
_a
La Vida Clasificación
250
_a
1ra. ed.
264
_b
Salvat
942
_c
LIB
999
_c
25
_d
25